| 000 | 00298 a2200121 4500 | ||
|---|---|---|---|
| 001 | 90863 | ||
| 082 | _a891.5511 ZWE | ||
| 090 |
_c43035 _d43035 |
||
| 100 | _aConnie Zweig | ||
| 245 |
_aA Moth to the Flame _cConnie Zweig _nEnglish |
||
| 260 |
_aUK _bRowman & LittleField _c2006 |
||
| 300 | _a233 p | ||
| 942 |
_aCAE NUST _k891.5511 ZWE |
||
| 999 |
_c325936 _d325936 |
||